00825nam a2200229 a 450000100100000000500170001000800410002702000180006804000250008608200150011110000270012624500610015325000110021426000340022530000300025949000310028950000340032050400730035483000380042795201130046599900170057800004138620201002034837.0131001s1992 sp b 001 0 spa d a9788432045424 aDO-SdBNPbspacBNPHU axxxxbxxxx1 aHerren, Ricardo96803613aLa conquista erótica de las indias. /cRicardo Herren. a3a ed. aBarcelona, :bPlaneta,c1992. a268 p. :bmaps. ;c21 cm.1 aMamoria de la historiav53 aIncluye índice onomástico aIncluye referencias bibliográficas y notas al pie de las páginas 0aMemoria de la historian53968037 001050718MOaPDbPDcHDd2013-10-01iLF1l0oxxxx xxxxp41386-10r2020-06-25w2020-06-25y1ZNo se presta c40876d40876